Score 0/24 Timer 03:00
0 Plays Today
Hint Four Letter Word % Correct
♪ How Deep Is Your ____♪ LOVE ♪
98.5%
Ice cream holderCONE
96.6%
Not dead or inanimateLIVE
95.9%
♪ You Stepped Into My ____♪ LIFE ♪
95.4%
Small sheltered bayCOVE
95%
____ Jagger, English rock singerMICK
93.7%
♪ If I ____ Have You ♪♪ CAN'T ♪
93.1%
List of roles for a playCAST
92.3%
♪ How Can You ____ a Broken Heart ♪♪ MEND ♪
92.3%
♪ Peace of ____♪ MIND ♪
91%
Expensive fur coat materialMINK
90.8%
Coming after all others; finalLAST
90.6%
Hint Four Letter Word % Correct
Beat with a stickCANE
89.3%
Form; createMAKE
89.2%
____ Gyllenhaal, American actorJAKE
86.6%
♪ Too ____ Heaven ♪♪ MUCH ♪
84.1%
Dirt, rubbish, or wasteMUCK
82.3%
A heavy club with a spiked headMACE
81.1%
Speed of sound measurement termMACH
77.5%
Tear into piecesREND
76.3%
For fear thatLEST
74.8%
'Seasons of Love' musicalRENT
74%
♪ I Started a ____♪ JOKE ♪
71.5%
♪ ____ Your Love On Me ♪♪ REST ♪
69.5%

Today's Daily Dose

Missing Word
1900s A-Z

Word Ladder
Space Firsts

Quick Pick
Salsa

Get the Picture
Body Systems

Remove Ads.
Support Sporcle.
Get the best of Sporcle when you Go Orange. This ad-free experience offers more features, more stats, and more fun while also helping to support Sporcle. Thank you for becoming a member.

You're not logged in!

Compare scores with friends on all Sporcle quizzes.
OR
Log In

Show Comments

Extras

Top Quizzes Today


Score Distribution

Your Account Isn't Verified!

In order to create a playlist on Sporcle, you need to verify the email address you used during registration. Go to your Sporcle Settings to finish the process.

Report this User

Report this user for behavior that violates our Community Guidelines.

Details: